03525nam a22003377a 4500003000900000005001700009007000300026008003400029020001500063040003000078082002300108100004100131245004800172246002900220264007700249300004800326336002700374337003500401338003000436490001300466500002100479505240300500590002602903650002702929650002802956830000702984910004102991942001203032952012603044999001703170DO-SdBPM20260513133208.0ta161031b2006 xx a 1 00| 0 spa d a0765277506 aDO-SdBPMbspacBPMSUerda04aR920.72bH869c2221 aHoyt-Goldsmith, Dianeeautora4aut. 10a40 mujeres famosas /cDiane Hoyt-Goldsmith 13aCuarenta mujeres famosas aEstados Unidos : bCelebration Press ;bPearson Learning Group , c2006. a32 págians : bilustración ; c29 cm.  atextobtxt2rdacontent asin mediación bn2rdamedia  avolumen bnc2rdacarrier 0 aiOpeners aIncluye índice0 aIsabel Allende (Escritora chilena) -- Corazón Aquino (Política y presidenta de Filipinas) -- Margaret Bourke-White (Fotógrafa documental y corresponsal) -- Ada Byron (Lady Lovelace) (Matemática y pionera de la computación) -- María Cristina Caballero (Periodista colombiana, defensora de derechos humanos) -- Helen Caldicott (Médica y activista antinuclear australiana) -- Emily Carr (Pintora y escritora canadiense). --Caroline Chisholm (Humanitaria dedicada al bienestar de inmigrantes) -- Bessie Coleman (Primera mujer afroamericana e indígena en ser piloto) -- Marie Curie (Científica pionera en el campo de la radiactividad) -- Catriona Le May Doan (Patinadora de velocidad y campeona olímpica) -- Cathy Freeman (Atleta australiana, símbolo de la reconciliación aborigen) -- Biruté Galdikas (Primatóloga experta en orangutanes). -- Indira Gandhi (Primera ministra de la India) -- Tanni Grey-Thompson (Atleta paralímpica y política británica) -- Sachiko Hashimoto (Educadora y líder de las Guías Scouts en Japón) -- Frida Kahlo (Pintora mexicana icónica) -- Helen Keller (Escritora y activista sordociega) -- Aung San Suu Kyi (Política y Nobel de la Paz de Birmania). Maya Lin (Arquitecta y escultora, diseñadora del Monumento a los Veteranos) -- Wangari Maathai (Activista ambiental keniana y Nobel de la Paz) -- Mireya Moscoso (Primera mujer presidenta de Panamá) -- Florence Nightingale (Precursora de la enfermería moderna) -- Antonia Novello (Médica, primera mujer Cirujana General de EE. UU.) -- Ellen Ochoa (Astronoma y primera mujer hispana en el espacio) -- Patricia O'Shane (Primera abogada y magistrada aborigen australiana) --Rosa Parks (Activista clave del movimiento por los derechos civiles) -- Mary Pratt (Pintora realista canadiense) --Mary Robinson (Primera mujer presidenta de Irlanda) -- Mary Seacole (Enfermera jamaicana de la Guerra de Crimea) -- Laura Secord (Heroína canadiense de la guerra de 1812) -- Huda Sha'arawi (Líder feminista egipcia)-- Kate Sheppard (Sufragista clave en Nueva Zelanda) -- Utako Shimoda (Educadora y activista por los derechos de la mujer en Japón) -- Kiri Te Kanawa (Soprano neozelandesa) -- Valentina Tereshkova (Cosmonauta, primera mujer en el espacio) --Margaret Thatcher (Primera ministra del Reino Unido) --Harriet Tubman (Luchadora por la libertad y contra la esclavitud).  aInventariado, 2026/VM 7aMujeres vBiografías 7aMujeres en la historia. 0a  aVMateo V. Control de calidad. BPMSU  2ddccBK 00102ddc708CI-GaBPMETbBPMETd2017-10-13l0oBPMSU CJGR R920.72 H869c 2006pBPMSU17100012r2017-10-13w2017-10-13yBK c12603d12603